LEADER 01321cam0 22003011 450 001 SOBE00015208 005 20180717125335.0 010 $a8837216815 100 $a20110615d1998 |||||ita|0103 ba 101 $aita 102 $aIT 200 1 $aConsigli per un Vescovo$eesortazione del cardinale Bellarmino al vescovo di Teano, suo nipote: che cosa è effettivamente indispensabile ad un Vescovo il quale intenda davvero mettere al sicuro la propria salvezza eterna$fRoberto Bellarmino $gintroduzione, traduzione e note di Pasquale Giustiniani e Luigi Longobardo 210 $aBrescia$cMorcelliana$d1998 215 $a108 p.$d23 cm 700 1$aBellarmino$b, Roberto$3SOBA00000059$4070$0483296 702 1$aGiustiniani, Pasquale$3AF00005124$4070 702 1$aLongobardo, Luigi$3SOBA00000060$4070 801 0$aIT$bUNISOB$c20180717$gRICA 850 $aUNISOB 852 $aUNISOB$j200$m153923 852 $aUNISOB$j200$m96205 912 $aSOBE00015208 940 $aM 102 Monografia moderna SBN 941 $aM 957 $a200$b002610$gSI$d153923$rdono$tN$1catenacci$2UNISOB$3UNISOB$420110615074919.0$520110615075234.0$6catenacci 957 $a200$b002136$gSI$d96205$racquisto$tN$1menle$2UNISOB$3UNISOB$420180717125241.0$520180717125335.0$6menle 996 $aConsigli per un vescovo$91524545 997 $aUNISOB LEADER 02703nas# 2200325 i 450 001 VAN00000339 005 20260113094202.800 011 $a0005-9935 100 $a20020508a1948 |0itac50 ba 101 $ager 102 $aDE 105 $a|||| ||||| 110 $aac||||||||| 181 $ai$b e 182 $an 183 $anc 200 1 $aˆDer ‰Betrieb$eWochenschrift für Betriebswirtschaft Steuerrecht Wirtschaftsrecht Arbeitsrecht 210 $aDüsseldorf$aFrankfurt$cHandelsblatt$d1948- 215 $avolumi$d31 cm 606 $aDiritto privato$xPeriodici$3VANC032303$2FI 620 $dDüsseldorf$3VANL000388 620 $dFrankfurt$3VANL001054 676 $a346.4306605$cDiritto privato. Società. Germania. Seriali.$v21 712 $aHandelsblatt $3VANV109594$4650 801 $aIT$bSOL$c20260116$gRICA 899 $aBIBLIOTECA DEL DIPARTIMENTO DI GIURISPRUDENZA$1IT-CE0105$2VAN00$41994-1997; 2002; 2004-2015; lac. 1997;$cBiblioteca Lauria piccola ; 912 $aVAN00000339 950 $aBIBLIOTECA DEL DIPARTIMENTO DI GIURISPRUDENZA$345001$b001994-1997; 2002; 2004-2015; lac. 1997;$d00RIV SALA BIANCA sc. 4 2012 $e00DG 2654 20140721 $d00RIV SALA BIANCA sc. 4 1995 $e00RIV298 20130712 $d00RIV SALA BIANCA sc. 4 1994 $e00RIV299 20130712 $d00RIV SALA BIANCA sc. 4 1996 $e00RIV300 20130712 $d00RIV SALA BIANCA sc. 4 1997 $e00RIV301 20130712 $d00RIV SALA BIANCA sc. 4 2002 $e00RIV302 20130712 $d00RIV SALA BIANCA sc. 4 2004 $e00RIV303 20130712 $d00RIV SALA BIANCA sc. 4 2005 $e00RIV304 20130712 $d00RIV SALA BIANCA sc. 4 2006 $e00RIV305 20130712 $d00RIV SALA BIANCA sc. 4 2007 $e00RIV306 20130712 $d00RIV SALA BIANCA sc. 4 2008 $e00RIV307 20130712 $d00RIV SALA BIANCA sc. 4 2009 $e00RIV308 20130712 $d00RIV SALA BIANCA sc. 4 2010 $e00RIV309 20130712 $d00RIV SALA BIANCA sc. 4 2011 $e00RIV5366 20130712 $d00RIV SALA BIANCA sc. 4 2014 $e00SBG7 20140916 $d00RIV SALA BIANCA sc. 4 2015 $e00UBG393 20151125 996 $aBetrieb$9799570 997 $aUNICAMPANIA